|
|
|
|
| LEADER |
00000nam a2200000 4500 |
| 001 |
vtls011893397 |
| 003 |
SK-MaSNL |
| 005 |
20260301224909.0 |
| 007 |
co bg muuua |
| 008 |
191014s2017 xo | qn 000 0 slo |
| 015 |
|
|
|a SNBS2019
|
| 020 |
|
|
|a 9788055518909
|q (elektronická kniha)
|
| 040 |
|
|
|a SNK
|b slo
|c SNK
|e rda
|
| 041 |
0 |
|
|a slo
|
| 044 |
|
|
|a xo
|c SK
|
| 072 |
|
7 |
|a 338.3/.4
|x Hospodárske a výrobné odvetvia
|2 konspekt
|
| 080 |
|
|
|a 338.48
|2 2011
|
| 080 |
|
|
|a 338.488
|2 2011
|
| 080 |
|
|
|a (048.8)
|2 2011
|
| 080 |
|
|
|a (0.034.44)
|2 2011
|
| 100 |
1 |
|
|a Šambronská, Kristína,
|d 1976-
|4 aut
|9 192877
|
| 245 |
1 |
0 |
|a Animácia a všetko, čo treba vedieť na začiatok
|c Kristína Šambronská
|
| 250 |
|
|
|a Prvé vydanie
|
| 264 |
|
1 |
|a Prešov
|b Prešovská univerzita v Prešove
|c 2017
|
| 300 |
|
|
|a 1 CD-ROM
|c 12 cm
|
| 336 |
|
|
|a text
|b txt
|2 rdacontent
|
| 337 |
|
|
|a počítač
|b c
|2 rdamedia
|
| 338 |
|
|
|a počítačový disk
|b cd
|2 rdacarrier
|
| 347 |
|
|
|a textový súbor
|b HTML
|b PDF
|2 rda
|
| 504 |
|
|
|a Obsahuje bibliografiu
|
| 650 |
0 |
7 |
|a cestovný ruch
|2 SNKPH
|9 999
|
| 650 |
0 |
7 |
|a animácia voľného času
|2 SNKPH
|9 219511
|
| 650 |
0 |
7 |
|a Tourism
|2 SNKPHeng
|9 266335
|
| 650 |
0 |
7 |
|a Animation in tourism
|2 SNKPHeng
|9 556729
|
| 655 |
|
7 |
|a monografie
|2 SNKPH
|9 70139
|
| 655 |
|
7 |
|a CD-ROM
|2 SNKPH
|9 70236
|
| 655 |
|
7 |
|a Monographs
|2 SNKPHeng
|9 120675
|
| 856 |
4 |
1 |
|u http://www.pulib.sk/web/kniznica/elpub/dokument/Sambronska3
|
| 919 |
|
|
|a 978-80-555-1890-9
|
| 958 |
|
|
|a NB
|
| 999 |
|
|
|c 948950
|d 950880
|
| 952 |
|
|
|a SNK
|b SNK
|y PREZ
|7 0
|p 17A1390274
|o snkSCDM 10778
|i snk2019/25902
|8 0
|0 0
|1 0
|4 0
|d 2019-10-14
|l 0
|r 2026-02-24 09:43:15
|w 2026-02-24
|